<?xml version="1.0" encoding="UTF-8"?><?xml-stylesheet type="text/xsl" href="static/style.xsl"?><OAI-PMH xmlns="http://www.openarchives.org/OAI/2.0/" xmlns:xsi="http://www.w3.org/2001/XMLSchema-instance" xsi:schemaLocation="http://www.openarchives.org/OAI/2.0/ http://www.openarchives.org/OAI/2.0/OAI-PMH.xsd"><responseDate>2026-06-02T17:22:22Z</responseDate><request verb="GetRecord" identifier="oai:riuma.uma.es:10630/35024" metadataPrefix="marc">https://riuma.uma.es/rest/oai/request</request><GetRecord><record><header><identifier>oai:riuma.uma.es:10630/35024</identifier><datestamp>2026-02-03T11:10:59Z</datestamp><setSpec>com_10630_2254</setSpec><setSpec>col_10630_37953</setSpec></header><metadata><record xmlns="http://www.loc.gov/MARC21/slim" xmlns:dcterms="http://purl.org/dc/terms/" xmlns:doc="http://www.lyncode.com/xoai" xmlns:xsi="http://www.w3.org/2001/XMLSchema-instance" xsi:schemaLocation="http://www.loc.gov/MARC21/slim http://www.loc.gov/standards/marcxml/schema/MARC21slim.xsd">
   <leader>00925njm 22002777a 4500</leader>
   <datafield ind2=" " ind1=" " tag="042">
      <subfield code="a">dc</subfield>
   </datafield>
   <datafield ind2=" " ind1=" " tag="720">
      <subfield code="a">Testera Montes, Almudena</subfield>
      <subfield code="e">author</subfield>
   </datafield>
   <datafield ind2=" " ind1=" " tag="720">
      <subfield code="a">Ariza Veguillas, Adriana</subfield>
      <subfield code="e">author</subfield>
   </datafield>
   <datafield ind2=" " ind1=" " tag="720">
      <subfield code="a">Sola-Martínez, Rosa Alba</subfield>
      <subfield code="e">author</subfield>
   </datafield>
   <datafield ind2=" " ind1=" " tag="720">
      <subfield code="a">Aranda, Carlos José</subfield>
      <subfield code="e">author</subfield>
   </datafield>
   <datafield ind2=" " ind1=" " tag="720">
      <subfield code="a">Bentabol-Ramos, Guillermo</subfield>
      <subfield code="e">author</subfield>
   </datafield>
   <datafield ind2=" " ind1=" " tag="720">
      <subfield code="a">Sánchez-Torralvo, Dulce</subfield>
      <subfield code="e">author</subfield>
   </datafield>
   <datafield ind2=" " ind1=" " tag="720">
      <subfield code="a">Mayorga Mayorga, Cristobalina</subfield>
      <subfield code="e">author</subfield>
   </datafield>
   <datafield ind2=" " ind1=" " tag="720">
      <subfield code="a">Torres-Jaén, María José</subfield>
      <subfield code="e">author</subfield>
   </datafield>
   <datafield ind2=" " ind1=" " tag="720">
      <subfield code="a">Eguiluz-Gracia, Ibón</subfield>
      <subfield code="e">author</subfield>
   </datafield>
   <datafield ind2=" " ind1=" " tag="720">
      <subfield code="a">Rondón Segovia, Carmen</subfield>
      <subfield code="e">author</subfield>
   </datafield>
   <datafield ind2=" " ind1=" " tag="260">
      <subfield code="c">2024</subfield>
   </datafield>
   <datafield ind2=" " ind1=" " tag="520">
      <subfield code="a">Introduction: Basophil activation test (BAT) might be an alternative to nasal allergenchallenge (NAC) to identify the allergic etiology in rhinitis patients. Here, we investi-gate the diagnostic performance of BAT for allergic phenotypes of rhinitis.Methods: Rhinitis patients and healthy controls were subjected to NAC withDermatophagoides pteronyssinus (DP), Alternaria alternata (AA), grass (GP) and olive(OP) pollens. Rhinitis subjects also underwent skin prick test (SPT) with relevant al-lergens. Patients were classified into allergic rhinitis (AR, positive NAC and SPT), localallergic rhinitis (LAR, positive NAC and negative SPT), dual allergic rhinitis (DAR, de-fined as AR for ≥1 allergen and LAR for ≥1 allergen), and non-allergic rhinitis (NAR,negative NAC and SPT) phenotypes. BAT with DP, AA, GP and OP was conducted instudy individuals and compared with NAC results.Results: A total of 47 AR, 31 DAR, 26 LAR, 12 NAR and 21 control subjects were re-cruited. The best positivity cut-offs of BAT for DP-, AA-, GP- and OP-driven allergy (allphenotypes) were a %CD63 cells of 8.650, 14.250, 26.200, and 12.780, respectively(AUC 0.851, 0.701, 0.887, and 0.921, respectively).Sensitivity, specificity, negative and positive predictive values of BAT (all pheno-types) ranged 43.5%(AA)-83.3%(OP), 88.9%(GP)-100%(AA), 87%(GP)-100%(AA), and61.1%(DP)-80.0%(pollens), respectively. BAT identified 79%–100% of SPT-positive aller-gies (AR and DAR), and 25%–75% of SPT-negative allergies (LAR and DAR), while ≤10%of NAR/HC subjects tested positive. BAT positivity correlated with rhinitis severity inLAR patients (p = 0.018), and associated with conjunctivitis (p = 0.015) in allergic subjects.</subfield>
   </datafield>
   <datafield ind1="8" ind2=" " tag="024">
      <subfield code="a">Testera-Montes A, Ariza A, Sola-Martinez RA, et al. Investigation of the diagnostic accuracy of basophil activation test for allergic phenotypes of rhinitis. Allergy. 2024; 00: 1-12. doi:10.1111/all.16390</subfield>
   </datafield>
   <datafield ind1="8" ind2=" " tag="024">
      <subfield code="a">https://hdl.handle.net/10630/35024</subfield>
   </datafield>
   <datafield ind1="8" ind2=" " tag="024">
      <subfield code="a">https://doi.org/10.1111/all.16390</subfield>
   </datafield>
   <datafield tag="653" ind2=" " ind1=" ">
      <subfield code="a">Basófilos</subfield>
   </datafield>
   <datafield tag="653" ind2=" " ind1=" ">
      <subfield code="a">Alergia</subfield>
   </datafield>
   <datafield ind2="0" ind1="0" tag="245">
      <subfield code="a">Investigation of the diagnostic accuracy of basophil activation test for allergic phenotypes of rhinitis</subfield>
   </datafield>
</record>
</metadata></record></GetRecord></OAI-PMH>